000 00388nam a2200157Ia 4500
008 230917s9999||||xx |||||||||||||| ||und||
020 _cRS40
040 _e140574
_aMAIN
041 _aEnglish
082 _a954.01 G959P
100 _aGupat, Nathulal
245 0 _aPachin bhartiya vidhian avam kalaian
260 _aNagpur
_bChetna Prakashan
_c1978
300 _a253p p.
942 _cBK
999 _c195261
_d195261